Museum für naturkunde : (Registro nro. 19035)
[ vista simple ]
| 000 -CABECERA | |
|---|---|
| Campo de control | 00975nam a2200253 a 4500 |
| 005 - FECHA Y HORA DE LA ULTIMA TRANSACCION | |
| Campo de control | 20160916170215.0 |
| 008 - ELEMENTOS DE LONGITUD FIJA—INFORMACION GENERAL | |
| Campo de control | 160916b2012 gw ao|||r|||| 00| 0 eng d |
| 020 ## - ISBN | |
| ISBN | 9783981502916 |
| 040 ## - FUENTE DE CATALOGACIÓN | |
| Agencia catalogadora original | CO-BoIAVH |
| Agencia transcriptora | CO-BoIAVH |
| 041 0# - IDIOMA | |
| Código de idioma para texto/pista de sonido o título separado | Inglés |
| 044 ## - PAÍS DE PUBLICACIÓN | |
| País de publicación | Alemania |
| 082 04 - NUMERO DE CLASIFICACION DECIMAL DEWEY | |
| Número de clasificación | 578.075 |
| Número del ítem | M98n |
| 245 00 - MENCION DE TITULO | |
| Título | Museum für naturkunde : |
| Parte restante del título | The exhibitions / |
| Mención de responsabilidad | editado por Ferdinand Damaschun [y otros 3] |
| 260 ## - PUBLICACION, DISTRIBUCION, ETC. (PIE DE IMPRENTA) | |
| Lugar de publicación, distribución, etc. | Berlín, Alemania : |
| Nombre del editor, distribuidor, etc. | Museum für Naturkunde Berlin, |
| Fecha de publicación, distribución, etc. | c2012. |
| 300 ## - DESCRIPCION FISICA | |
| Extensión | 144 páginas : |
| Otros detalles físicos | ilustraciones a color y fotografías a color ; |
| Dimensiones | 19 x 20 cm. |
| 650 24 - ASIENTO SECUNDARIO DE MATERIA - TERMINO TEMATICO | |
| Término temático o nombre geográfico como elemento de entrada | Museos de historia natural |
| Subdivisión geográfica | Alemania |
| 9 (RLIN) | 76364 |
| 650 26 - ASIENTO SECUNDARIO DE MATERIA - TERMINO TEMATICO | |
| Término temático o nombre geográfico como elemento de entrada | Historia natural |
| Subdivisión general | Exhibiciones |
| Subdivisión geográfica | Alemania |
| 9 (RLIN) | 76365 |
| 650 26 - ASIENTO SECUNDARIO DE MATERIA - TERMINO TEMATICO | |
| Término temático o nombre geográfico como elemento de entrada | Museos |
| Subdivisión general | Historia natural |
| -- | Exhibiciones |
| Subdivisión geográfica | Alemania |
| 9 (RLIN) | 76366 |
| 700 1# - ASIENTO SECUNDARIO - NOMBRE PERSONAL | |
| Nombre personal | Damaschun, Ferdinand |
| Término de relación | editor |
| 9 (RLIN) | 76360 |
| 700 1# - ASIENTO SECUNDARIO - NOMBRE PERSONAL | |
| Nombre personal | Nils Hoff, Astrid Faber |
| Término de relación | edior |
| 9 (RLIN) | 76361 |
| 700 1# - ASIENTO SECUNDARIO - NOMBRE PERSONAL | |
| Nombre personal | Spieler, Marko |
| Término de relación | editor |
| 9 (RLIN) | 76362 |
| 700 1# - ASIENTO SECUNDARIO - NOMBRE PERSONAL | |
| Nombre personal | Steiner, Gesiner |
| Término de relación | editor |
| 9 (RLIN) | 76363 |
| 942 ## - ELEMENTOS ADICIONALES (KOHA) | |
| Sistema de clasificación | Dewey Decimal Classification |
| Tipo de ítem | Libro |
| Withdrawn status | Lost status | Sistema de Clasificación | Damaged status | No para préstamo | Colección | Inventariado | Ubicación Permanente | Ubicación actual | Fecha de adquisición | Fuente de Valor | Valor | Total Checkouts | Número topográfico | Inventario / Código de Barras | Date last seen | Ejemplar | Price effective from | Forma de adquisición | Tipo de material |
|---|---|---|---|---|---|---|---|---|---|---|---|---|---|---|---|---|---|---|---|
| Dewey Decimal Classification | General | Inventariado 2017 | Bogotá | Bogotá | 16/09/2016 | Instituto | 39000.00 | LB-578.075 M98n | 040696 | 16/09/2016 | Ej. 1 | 16/09/2016 | Donación | Libro |